Camoens (Record no. 164973)

MARC details
000 -LEADER
campo de control de longitud fija 00631nam a22001815i 4500
001 - NÚMERO DE CONTROL
campo de control 164973
003 - IDENTIFICADOR DE NÚMERO DE CONTROL
campo de control ES-MaACL
005 - FECHA Y HORA DE LA ÚLTIMA TRANSACCIÓN
campo de control 20250818173600.0
008 - DATOS DE LONGITUD FIJA--INFORMACIÓN GENERAL
campo de control de longitud fija 050811s1880 au | |||||||| ||ger d
040 ## - FUENTE DE CATALOGACIÓN
Centro catalogador/agencia de origen CAM
Lengua de catalogación spa
Centro/agencia transcriptor CAM
100 1# - ENTRADA PRINCIPAL--NOMBRE DE PERSONA
Nombre de persona Schuchardt, Hugo.
9 (RLIN) 104734
245 10 - MENCIÓN DEL TÍTULO
Título Camoens
Resto del título : Ein festgruss nach Portugal zum X. Juni MDCCCLXXX /
Mención de responsabilidad, etc. von Hugo Schuchardt.
260 ## - PUBLICACIÓN, DISTRIBUCIÓN, ETC.
Lugar de publicación, distribución, etc. Graz :
Nombre del editor, distribuidor, etc. [s.n.],
Fecha de publicación, distribución, etc. 1880 (
Fabricante Buchdruckerei Styria)
300 ## - DESCRIPCIÓN FÍSICA
Extensión 14 p. ;
Dimensiones 35 cm.
600 14 - PUNTO DE ACCESO ADICIONAL DE MATERIA--NOMBRE DE PERSONA
Nombre de persona Camões, Luís de,
Fechas asociadas al nombre 1524?-1580
9 (RLIN) 181622
852 ## - LOCALIZACIÓN
Ubicación ES-MaACL
Número de control de estantería T-325-F-6
Nota libre -- Enc. hol.
-- -- Enc. en un vol. facticio
Holdings
Estatus retirado Estado de pérdida Estado de daño No para préstamo Colección Biblioteca de origen Biblioteca actual Ubicación en estantería Fecha de adquisición Total de préstamos Signatura topográfica completa Código de barras Visto por última vez Precio de reemplazo Tipo de ítem Koha
        Colección de folletos Biblioteca del Ateneo de Madrid Biblioteca del Ateneo de Madrid Depósito folletos 17/01/2008   T-325-F-6 1172940 23/02/2023 23/02/2023 Folleto